000 00485nam a2200145Ia 4500
008 230917s9999||||xx |||||||||||||| ||und||
040 _e98506
_aMAIN
041 _aEnglish
082 _a668.4235 I2T
100 _aIndia, Ministry of Science and Technology, Department of sci
245 0 _aTechnology in indian caprolactam industry: a study prepared under the national register of foreign collaborations
260 _aNew Delhi
_bGovt of India
_c1997
300 _a146 p.
942 _cBK
999 _c82145
_d82145